Статистическая теория явлений переноса вблизи границы раздела между жидкой и газообразной фазами: диссертация на соискание ученой степени кандидата физико-математических наук; Спец. 01.04.02

Bibliografske podrobnosti
Glavni avtor: Шапиро М. М. Марк Морткович
Korporativna značnica: Томский политехнический институт
Drugi avtorji: Родионов Б. Н. (научный руководитель)
Jezik:ruščina
Izdano: Томск, [Б. и.], 1980
Teme:
Format: Knjiga
KOHA link:https://koha.lib.tpu.ru/cgi-bin/koha/opac-detail.pl?biblionumber=75997

MARC

LEADER 00000nbm0a2200000 4500
001 75997
005 20231031091248.0
035 |a (RuTPU)RU\TPU\book\81138 
090 |a 75997 
100 |a 20050407d1980 k y0rusy50 ca 
101 0 |a rus 
102 |a RU 
105 |a a m 001zy 
200 1 |a Статистическая теория явлений переноса вблизи границы раздела между жидкой и газообразной фазами  |e диссертация на соискание ученой степени кандидата физико-математических наук  |e Спец. 01.04.02  |f М. М. Шапиро  |g Томский политехнический институт; науч. ред. Б. Н. Родионов 
210 |a Томск  |c [Б. и.]  |d 1980 
215 |a 112 л.  |c ил. 
320 |a Библиогр.: с. 103-112 ( 105 назв.) 
610 1 |a диссертации 
610 1 |a статистическая теория 
610 1 |a явления переноса 
610 1 |a границы 
610 1 |a жидкие фазы 
610 1 |a раздел сред 
610 1 |a явления 
610 1 |a газообразные соединения 
610 1 |a кинетическое уравнение 
610 1 |a конденсация 
610 1 |a теплообмен 
610 1 |a термодинамика 
610 1 |a массообмен 
675 |a 536.2(048)  |v 3 
686 |a 01.04.02  |2 oksvnk 
700 1 |a Шапиро  |b М. М.  |g Марк Морткович 
702 1 |a Родионов  |b Б. Н.  |4 727 
712 0 2 |a Томский политехнический институт  |2 stltpush  |3 (RuTPU)RU\TPU\col\1123 
801 1 |a RU  |b 63413507  |c 20050407  |g PSBO 
801 2 |a RU  |b 63413507  |c 20180302  |g PSBO 
942 |c BK